000 00673nam a2200241Ia 4500
003 OSt
005 20220926012118.0
006 a|||||r|||| 00| 0
007 ta
008 220923b |||||||| |||| 00| 0 eng d
020 _a465091393
037 _cGeneral Book
040 _aRTL
_cRTL
_beng
041 _2eng
_aeng
082 _aY5, L4
100 _aRainwater Lee
_9287688
245 0 _aWhat money buys
_b Inequality and the social meaning of income
260 _aNew York
_bBasic Books
_c1974
300 _axiv,242p
_ccm.
650 _aSocial Stratification
_9229881
942 _hY5, L4
_cGB
_2CC
999 _c621736
_d621736